[Event "Alushta Blitz op"]
[Site "Alushta"]
[Date "2023.07.14"]
[Round "9"]
[White "Derjabin, Ilja"]
[Black "Filonov, Viktor"]
[Result "1-0"]
[WhiteElo "2333"]
[BlackElo "1336"]
[PlyCount "53"]
[EventDate "2023.07.14"]
[EventType "swiss (blitz)"]
[EventRounds "13"]
[EventCountry "UKR"]
[SourceTitle "CBM 215 Extra"]
[Source "ChessBase"]
[SourceDate "2023.09.30"]
[SourceVersion "1"]
[SourceVersionDate "2023.09.30"]
[SourceQuality "1"]

1. d4 Nf6 2. c4 g6 3. Nc3 Bg7 4. e4 d6 5. Nge2 0-0 6. Ng3 Nc6 7. d5 Nb8 8. Be2 e6 9. 0-0 e5 10. Rb1 a5 11. a3 Nbd7 12. b4 axb4 13. axb4 b6 14. Be3 Re8 15. Qc2 Nf8 16. h3 Bb7 17. c5 Rc8 18. c6 Ba8 19. Nb5 Re7 20. Ra1 Ne8 21. Ra7 f6 22. Rfa1 Rf7 23. Qa4 f5 24. exf5 gxf5 25. Nh5 f4 26. Bd2 Qg5 27. Bg4 1-0

[Event "Alushta Blitz op"]
[Site "Alushta"]
[Date "2023.07.14"]
[Round "8"]
[White "Filonov, Viktor"]
[Black "Chudinovskikh, Alexander M"]
[Result "1-0"]
[WhiteElo "1336"]
[BlackElo "2070"]
[PlyCount "61"]
[EventDate "2023.07.14"]
[EventType "swiss (blitz)"]
[EventRounds "13"]
[EventCountry "UKR"]
[SourceTitle "CBM 215 Extra"]
[Source "ChessBase"]
[SourceDate "2023.09.30"]
[SourceVersion "1"]
[SourceVersionDate "2023.09.30"]
[SourceQuality "1"]

1. e4 e5 2. Nf3 d6 3. Bc4 Nf6 4. d3 c6 5. 0-0 b5 6. Bb3 Be7 7. h3 0-0 8. Be3 Na6 9. a4 b4 10. Nbd2 Nc7 11. Re1 Ne6 12. Nf1 Qc7 13. Ng3 g6 14. Rc1 d5 15. c3 Bb7 16. exd5 Nxd5 17. Bxd5 cxd5 18. cxb4 Bxb4 19. Rxc7 Nxc7 20. Bd2 Bd6 21. Nxe5 d4 22. Nc4 Bxg3 23. fxg3 Nd5 24. Bh6 Rfd8 25. Ne5 Rd6 26. Rf1 f6 27. Nc4 Re6 28. Re1 Rae8 29. Rxe6 Rxe6 30. Qb3 Re7 31. Nd6 1-0